Cerámica de tlayacapan : (Record no. 39725)

MARC details
000 -LEADER
fixed length control field 00578nam a22001697a 4500
008 - FIXED-LENGTH DATA ELEMENTS--GENERAL INFORMATION
fixed length control field 130808t mx||||| |||| 00| 0 spad
020 ## - INTERNATIONAL STANDARD BOOK NUMBER
International Standard Book Number 9688782483
050 04 - LIBRARY OF CONGRESS CALL NUMBER
Classification number F1219.3.P8
Item number B37 2005
100 1# - MAIN ENTRY--PERSONAL NAME
Personal name Barbosa Sánchez, Alma
245 ## - TITLE STATEMENT
Title Cerámica de tlayacapan :
Remainder of title Estética popular e identidad cultural
Statement of responsibility, etc Alma Barbosa Sánchez.
260 ## - PUBLICATION, DISTRIBUTION, ETC. (IMPRINT)
Place of publication, distribution, etc México :
Name of publisher, distributor, etc Universidad Autonoma del Estado de Morelos,
Date of publication, distribution, etc 2005
300 ## - PHYSICAL DESCRIPTION
Extent 301 p.
Other physical details ils. ;
Dimensions 21 cm.
440 #0 - SERIES STATEMENT/ADDED ENTRY--TITLE
Title Artes
Number of part/section of a work No. 2
504 ## - BIBLIOGRAPHY, ETC. NOTE
Bibliography, etc Incluye bibliografía
650 #4 - SUBJECT ADDED ENTRY--TOPICAL TERM
Topical term or geographic name as entry element Indios-económia
General subdivision Tlayacapan, México
942 ## - ADDED ENTRY ELEMENTS (KOHA)
Source of classification or shelving scheme Clasificación Decimal Dewey
Koha item type Libro
Holdings
Estado de pérdida Fuente de clasificación Estado del daño No para préstamo Ubicación permanente Ubicación actual Apartado o colección Fecha de adquisición Fuente de adquisición Enumeración de Serie / Cronológica Dependencia de educación superior (DES) Área del conocimiento Clasificación Código de Barras Date last seen Número de copia Tipo de recurso
  Biblioteca del Cogreso de los Estados Unidos     Biblioteca de la Facultad de Psicología Biblioteca de la Facultad de Psicología General 08/08/2013   BFP000002543     F1219.3.P8 B37 2005 BFP000002543 08/08/2013 1 Libro